South Eastern Kenya University

Library Online Public Access Catalogue


Mathematics for Electrical and Telecommunications Technicians (Record no. 673)

MARC details
000 -LEADER
fixed length control field 00458nam a22001457a 4500
020 ## - ISBN
International Standard Book Number 70942412
050 ## - LIBRARY OF CONGRESS CALL NUMBER
Classification Number TK153
Item Number .S55 1969
100 ## - MAIN ENTRY--Author
Personal name Smithson J.L.
245 ## - TITLE
Title Mathematics for Electrical and Telecommunications Technicians
260 ## - PUBLICATION, DISTRIBUTION, ETC.(IMPRINT)
Place of publication, distribution, etc New York
Name of publisher, distributor, etc McGraw Hill Book Company
Date of publication, distribution, etc 1969
300 ## - PHYSICAL DESCRIPTION
Extent xiv, 212p.
500 ## - GENERALNOTE
General note includes index
650 ## - SUBJECT--TOPIC
Topical term following geographic name as entry element Mathematics,Telecommunication--Mathematics,Electrical engineering--Mathematics
Form subdivision book
General subdivision PBK
942 ## - ADDED ENTRY ELEMENTS(KOHA)
Koha item type General circulation
Holdings
Source of classification or shelving scheme Not for loan Location (home branch) Sublocation (holding branch) Date accessioned Cost, normal purchase price Full call number Barcode Cost, replacement price Nonpublic note Koha item type Public note
Library of Congress Classification   Main Campus Library Main Campus Library 11/08/2014 1794.81 TK 153 .S55 2019/024983 2294.81 BONNIE General circulation BONNIE
Kitui, Kenya.
+254736116989
library@seku.ac.ke